000 00717nam a2200241 i 4500
001 36224
003 ES-MaACL
005 20230906155328.0
007 t|
008 030217s1983 sp ||||1| spa d
020 _a84-205-0961-2
100 1 _aBreuer, George.
_931643
245 1 3 _aEl aire en peligro /
_cGeorge Breuer ; versión de Joaquín Catalá de Alemany.
250 _a1ª ed.
260 _a[Madrid] :
_bAlhambra,
_c[1983]
300 _aVII, 262 p. :
_bil. ;
_c20 cm.
490 1 _aExedra ;
_v144
700 1 _aCatalá de Alemany, Joaquín.
_937008
830 0 _aExedra ;
_v144
_9177436
852 _aES-MaACL
_jL-5006
_bR.105353
852 _aES-MaACL
_jL-8851
_bR.108533
999 _c36224
_d36224